000 00492nam a2200181Ia 4500
008 090124s9999 xx 000 0 und d
082 _b124472
100 _aनाईक गुरुनाथ
245 _a विषवल्ली
250 _a1
260 _c1989
300 _a143
600 _aनाईक गुरुनाथ
630 _a विषवल्ली
700 _aनाईक गुरुनाथ
730 _a विषवल्ली
942 _cBOOK
999 _c170559
_d170559